Die weltwirtschaftlichen beziehungen der deutschen landwirtschaft und ihre wirtschaftliche lage (1919-1926) (Record no. 9081)

MARC details
000 -LEADER
fixed length control field 00773cam a22002411 4500
001 - CONTROL NUMBER
control field agr27000044
003 - CONTROL NUMBER IDENTIFIER
control field DLC
005 - DATE AND TIME OF LATEST TRANSACTION
control field 20260227110946.0
008 - FIXED-LENGTH DATA ELEMENTS--GENERAL INFORMATION
fixed length control field 860207s1926 gw 000 0 ger c
010 ## - LIBRARY OF CONGRESS CONTROL NUMBER
LC control number agr27000044
035 ## - SYSTEM CONTROL NUMBER
System control number (OCoLC)13120668
040 ## - CATALOGING SOURCE
Original cataloging agency U.S. Nat'l Agr. Lib.
Transcribing agency CU
Modifying agency DLC
042 ## - AUTHENTICATION CODE
Authentication code premarc
043 ## - GEOGRAPHIC AREA CODE
Geographic area code e-gx---
050 00 - LIBRARY OF CONGRESS CALL NUMBER
Classification number HD1955
Item number .B4 1926
100 1# - MAIN ENTRY--PERSONAL NAME
Personal name Beckmann, Fritz,
Dates associated with a name 1888-
245 14 - TITLE STATEMENT
Title Die weltwirtschaftlichen beziehungen der deutschen landwirtschaft und ihre wirtschaftliche lage (1919-1926)
Statement of responsibility, etc. von dr. F. Beckman ...
250 ## - EDITION STATEMENT
Edition statement 2., erweiterte aufl.
260 ## - PUBLICATION, DISTRIBUTION, ETC.
Place of publication, distribution, etc. Berlin,
Name of publisher, distributor, etc. P. Parey,
Date of publication, distribution, etc. 1926.
300 ## - PHYSICAL DESCRIPTION
Extent 2 p.l., 184 p.
Dimensions 27 cm.
650 #0 - SUBJECT ADDED ENTRY--TOPICAL TERM
Topical term or geographic name entry element Agriculture
General subdivision Economic aspects.
650 #0 - SUBJECT ADDED ENTRY--TOPICAL TERM
Topical term or geographic name entry element Agriculture
General subdivision Economic aspects
Geographic subdivision Germany.

No items available.

Powered by Koha